Les meilleurs joueurs du FC Lorient (2008-2025) - Statistiques

Statistiques générales
  • Ce quiz a été pris 124 fois
    108 depuis la dernière actualisation
  • Le résultat moyen est 58 sur 108
Statistiques - réponses
% Correct
2024/2025 France Attaquant Eli Junior Kroupi 22 buts
94%
2024/2025 France Attaquant Eli Junior Kroupi 13 millions d'euros
94%
2008/2009 France Attaquant Kevin Gameiro 11 buts
93%
2009/2010 France Attaquant Kevin Gameiro 17 buts
93%
2010/2011 France Attaquant Kevin Gameiro 22 buts
93%
2008/2009 France Attaquant Kevin Gameiro 10 passes
93%
2008/2009 France Attaquant Kevin Gameiro 3 295 minutes
93%
2008/2009 France Attaquant Kevin Gameiro 3 millions d'euros
93%
2011/2012 France Attaquant Kevin Gameiro 11 millions d'euros
93%
2020/2021 France Milieu défensif Laurent Abergel 2 967 minutes
84%
2021/2022 France Milieu défensif Laurent Abergel 9 cartons jaunes
84%
2020/2021 Nigéria Attaquant Terem Moffi 14 buts
84%
2021/2022 Nigéria Attaquant Terem Moffi 8 buts
84%
2022/2023 Nigéria Attaquant Terem Moffi 12 buts
84%
2021/2022 Nigéria Attaquant Terem Moffi 4 passes
84%
2023/2024 Nigéria Attaquant Terem Moffi 22,5 millions d'euros
84%
2013/2014 Cameroun Attaquant Vincent Aboubakar 16 buts
81%
2013/2014 Cameroun Attaquant Vincent Aboubakar 8 passes
81%
2014/2015 Cameroun Attaquant Vincent Aboubakar 12,3 millions d'euros
81%
2023/2024 Suisse Gardien Yvon Mvogo 3 060 minutes
73%
2024/2025 Suisse Gardien Yvon Mvogo 2970 minutes
73%
2012/2013 France Gardien Fabien Audard 3 024 minutes
72%
2023/2024 Côte d'Ivoire Attaquant Mohamed Bamba 8 buts
72%
2019/2020 RD Congo Attaquant Yoane Wissa 15 buts
72%
2018/2019 RD Congo Attaquant Yoane Wissa 5 passes
72%
2020/2021 RD Congo Attaquant Yoane Wissa 5 passes
72%
2017/2018 RD Congo Attaquant Yoane Wissa 2 millions d'euros
72%
2021/2022 RD Congo Attaquant Yoane Wissa 10 millions d'euros
72%
2015/2016 Cameroun Attaquant Benjamin Moukandjo 13 buts
71%
2016/2017 Cameroun Attaquant Benjamin Moukandjo 13 buts
71%
2017/2018 Cameroun Attaquant Benjamin Moukandjo 5,5 millions d'euros
71%
2014/2015 Ghana Attaquant Jordan Ayew 12 buts
69%
2014/2015 Ghana Attaquant Jordan Ayew 7 passes
69%
2014/2015 Ghana Attaquant Jordan Ayew 7 cartons jaunes
69%
2014/2015 Ghana Attaquant Jordan Ayew 4 millions d'euros
69%
2015/2016 Ghana Attaquant Jordan Ayew 12 millions d'euros
69%
2012/2013 France Attaquant Jérémie Aliadière 15 buts
66%
2012/2013 France Attaquant Jérémie Aliadière 9 passes
66%
2022/2023 Tunisie Défenseur Montassar Talbi 3 420 minutes
66%
2024/2025 Tunisie Défenseur Montassar Talbi 5 cartons jaunes et 1 carton rouge
66%
2024/2025 Benin Attaquant Aiyegun Tosin 7 passes
64%
2021/2022 Mali Attaquant Ibrahima Koné 4 millions d'euros
64%
2007/2008 Algérie Attaquant Rafik Saïfi 14 buts
64%
2022/2023 Burkina Faso Ailier Dango Ouattara 6 passes
63%
2022/2023 Burkina Faso Ailier Dango Ouattara 22,5 millions d'euros
63%
2009/2010 France Attaquant Marama Vahirua 10 passes
63%
2007/2008 France Attaquant Marama Vahirua 1,2 millions d'euros
63%
2010/2011 France Milieu Offensif Morgan Amalfitano 16 passes
63%
2009/2010 France Milieu offensif Morgan Amalfitano 3 285 minutes
63%
2010/2011 France Milieu offensif Morgan Amalfitano 3 415 minutes
63%
2013/2014 Portugal Défenseur Raphaël Guerreiro 2,5 millions d'euros
63%
2007/2008 France Attaquant André-Pierre Gignac 4,5 millions d'euros
61%
2014/2015 France Gardien Benjamin Lecomte 3 416 minutes
58%
2015/2016 France Gardien Benjamin Lecomte 3 242 minutes
58%
2017/2018 France Attaquant Pierre-Yves Hamel 10 buts
55%
2018/2019 France Attaquant Pierre-Yves Hamel 19 buts
55%
2020/2021 France Gardien Ilan Meslier 6,5 millions d'euros
54%
2017/2018 France Défenseur Vincent Le Goff 7 passes
54%
2019/2020 France Défenseur Vincent Le Goff 8 passes
54%
2016/2017 France Défenseur Vincent Le Goff 3 335 minutes
54%
2017/2018 France Défenseur Vincent Le Goff 3 420 minutes
54%
2018/2019 France Défenseur Vincent Le Goff 3 330 minutes
54%
2010/2011 France Défenseur Laurent Koscielny 12,5 millions d'euros
53%
2020/2021 Autriche Attaquant Adrian Grbic 9 millions d'euros
51%
2011/2012 France Milieu Offensif Yann Jouffre 7 passes
51%
2023/2024 Sénégal Défenseur Formose Mendy 6 cartons jaunes
48%
2022/2023 RD Congo Défenseur Gédéon Kalulu 6 cartons jaunes
47%
2022/2023 France Milieu défensif Jean-Victor Makengo 11 millions d'euros
46%
2013/2014 Gabon Défenseur Bruno Ecuele-Manga 3 086 minutes
43%
2010/2011 Gabon Défenseur Bruno Ecuele-Manga 2,5 millions d'euros
43%
2019/2020 Turquie Attaquant Umut Bozok 1,5 millions d'euros
43%
2015/2016 Ghana Attaquant Majeed Waaris 4,63 millions d'euros
42%
2015/2016 Gabon Milieu défensif Didier Ndong 11 cartons jaunes
41%
2016/2017 Gabon Milieu défensif Didier Ndong 20 millions d'euros
41%
2023/2024 France Défenseur Isaak Touré 8 millions d'euros
40%
2011/2012 France Ailier Kevin Monnet-Paquet 6 buts
40%
2011/2012 France Ailier Kevin Monnet-Paquet 2 883 minutes
40%
2011/2012 France Ailier Kevin Monnet-Paquet 3 millions d'euros
40%
2012/2013 Burkina Faso Milieu offensif Alain Traoré 5 millions d'euros
39%
2019/2020 France Gardien Paul Nardi 2 520 minutes
37%
2019/2020 France Milieu offensif Alexis Claude-Maurice 13 millions d'euros
35%
2018/2019 France Milieu défensif Fabien Lemoine 12 cartons jaunes
33%
2019/2020 France Milieu défensif Fabien Lemoine 5 cartons jaunes et 1 carton rouge
33%
2020/2021 France Milieu défensif Fabien Lemoine 8 cartons jaunes
33%
2007/2008 France Milieu défensif Fabrice Abriel 3 240 minutes
33%
2018/2019 France Milieu défensif Matteo Guendouzi 8 millions d'euros
30%
2009/2010 France Défenseur Mickael Ciani 4 millions d'euros
30%
2024/2025 Ghana Défenseur Nathaniel Adjei 5,7 millions d'euros
30%
2010/2011 Togo Milieu défensif Alaixys Romao 11 cartons jaunes et 1 carton rouge
22%
2011/2012 Togo Milieu défensif Alaixys Romao 11 cartons jaunes et 2 cartons rouges
22%
2012/2013 France Milieu défensif Arnold Mvuemba 3 millions d'euros
22%
2021/2022 Guinée-Bissau Défenseur Houboulang Mendes 3 218 minutes
22%
2007/2008 France Défenseur Sylvain Marchal 7 cartons jaunes
22%
2008/2009 France Défenseur Sylvain Marchal 8 cartons jaunes
22%
2009/2010 France Défenseur Sylvain Marchal 9 cartons jaunes
22%
2016/2017 Portugal Milieu défensif Cafu 2 millions d'euros
18%
2016/2017 France Milieu Offensif Sylvain Marveaux 6 passes
18%
2016/2017 Cap Vert Défenseur Steeven Moreira 6 cartons jaunes
17%
2023/2024 Mali Attaquant Siriné Doucouré 3 passes
14%
2013/2014 France Défenseur Wesley Lautoa 7 cartons jaunes
14%
2017/2018 Guinée Défenseur Ibrahima Conté 10 cartons jaunes
13%
2012/2013 France Défenseur Gregory Bourillon 4 cartons jaunes et 2 cartons rouges
12%
2009/2010 France Défenseur Gregory Bourillon 1,7 millions d'euros
12%
2015/2016 France Ailier Maxime Barthelmé 5 passes
12%
2018/2019 France Défenseur Mathieu Saunier 300 000 euros
10%
2013/2014 France Milieu offensif Benjamin Corgnet 5 millions d'euros
8%
2008/2009 Algérie Défenseur Carl Medjani Libre
8%
2007/2008 France Ailier Yohann Hautcoeur 5 passes
4%
Aucun quiz correspondant
Distribution des résultats
% des personnes avec chaque résultat
Percentile par nombre de réponses
Votre historique - résultats
Vous n’avez pas pris ce quiz depuis la dernière actualisation